01411cam a22004097a 4500003000500000005001700005008004100022010001000063011001000073020001500083035001000098040000900108082002000117110000800137245009500145260002400240300002700264410000800291490004300299500004100342590004100383590004100424590004100465590004100506590004200547650003500589700002700624700002400651810000800675830005000683901000700733905002600740942001000766949006900776999001700845952013900862CHAP20220817043921.0031113d2001 it rn 00110 eng d a87894 a88866 a9251046298 a99411 cCHAP04a339.9bF3 v.1492 aFAO10aTwo essays on socio-economic aspects of soil degradationc/by Leslie Lipper and Dan Osgood aRome :bFAO,c2001. a92 p. :bilus. ; mapas21aFAO 0aDesarrollo económico y socialv; 149 aResúmenes en español y francés aBATCH-UPDb10c20130110lUCH01h0529 aBATCH-UPDb10c20130110lUCH01h2252 aBATCH-UPDb10c20130410lUCH01h0209 aBATCH-UPDb10c20130914lUCH01h1346 aCONVERSIONb10c20130109lUCH01h134914aSuelosxDegradación.91103360 aLipper, Leslie.9670360 aOsgood, Dan.9841860 aFAO00aDesarrollo económico y socialv; 149932058 aBK aAlejandra Carrasco M. cLIBRO a339.9 F3bBCcFAOd33724000891636eFAO1fv.149h104143i99411sb c87894d87894 00104053708FAOaBCbBCcPP_FAOd2019-12-31fLIBROi127l0o339.9 F3p33724000891636r2019-12-31 00:00:00tv.149w2019-12-31yLIBRO